[Event "Recife Arraes Memorial 9th"]
[Site "Recife"]
[Date "2016.10.23"]
[Round "6.18"]
[White "Da Silva, Joseph W Bruno Rada"]
[Black "Da Silva, Jonathan Ferreira"]
[Result "0-1"]
[WhiteElo "1879"]
[BlackElo "1726"]
[PlyCount "80"]
[EventDate "2016.10.21"]
[EventType "swiss"]
[EventRounds "6"]
[EventCountry "BRA"]
[SourceTitle "EXT 2022"]
[Source "ChessBase"]
[SourceDate "2021.10.06"]
[SourceVersion "1"]
[SourceVersionDate "2021.10.06"]
[SourceQuality "1"]

1. e4 e6 2. d4 d5 3. Nc3 Nf6 4. Bg5 Be7 5. e5 Nfd7 6. Bxe7 Qxe7 7. f4 c5 8. Nf3 Nc6 9. dxc5 Qxc5 10. Nb5 0-0 11. c3 Qe3+ 12. Be2 a6 13. Nbd4 Qxf4 14. Nxc6 bxc6 15. Qd4 Qh6 16. 0-0 c5 17. Qf2 Bb7 18. Rad1 Qf4 19. g3 Qe4 20. Bd3 Qg4 21. Qg2 d4 22. cxd4 cxd4 23. h3 Qh5 24. g4 Bxf3 25. Qxf3 Qxe5 26. Rc1 Qg5 27. Qg3 Nf6 28. Rf2 Qxc1+ 29. Kg2 Rab8 30. b3 Rbc8 31. Qh4 Rfd8 32. g5 Qd1 33. Be2 Qe1 34. gxf6 Rc1 35. fxg7 Rdc8 36. Kg3 d3 37. Qf6 Qg1+ 38. Kh4 Qg6 39. Qxg6 hxg6 40. Bxd3 Rg1 0-1

[Event "Natal Potiguar op"]
[Site "Natal"]
[Date "2016.07.01"]
[Round "2"]
[White "Da Silva, Joseph W Bruno Rada"]
[Black "Baeta, Marcio Netto"]
[Result "0-1"]
[WhiteElo "1804"]
[BlackElo "1965"]
[PlyCount "90"]
[EventDate "2016.07.01"]
[EventType "swiss"]
[EventRounds "6"]
[EventCountry "BRA"]
[SourceTitle "EXT 2017"]
[Source "ChessBase"]
[SourceDate "2016.10.25"]
[SourceVersion "1"]
[SourceVersionDate "2016.10.25"]
[SourceQuality "1"]

1. e4 e5 2. Nf3 Nc6 3. Bb5 Qe7 4. Nc3 Nd8 5. 0-0 c6 6. Bc4 g6 7. d4 d6 8. dxe5 dxe5 9. Be3 f6 10. Nd2 Bh6 11. Bxh6 Nxh6 12. f4 Bg4 13. Qe1 Be6 14. Bxe6 Nxe6 15. Qh4 Nf7 16. fxe5 fxe5 17. Qxe7+ Kxe7 18. Nb3 b6 19. a4 Nd6 20. a5 Nc4 21. axb6 axb6 22. Na4 b5 23. Nac5 Nxc5 24. Nxc5 Nxb2 25. Rab1 Nc4 26. Rbd1 Ra7 27. Rd3 Rf8 28. Rfd1 Rfa8 29. Rd7+ Kf6 30. Rf1+ Kg5 31. Rff7 Rxd7 32. Rxd7 h5 33. Rc7 Ra2 34. Rxc6 Rxc2 35. Ne6+ Kg4 36. Nf8 g5 37. Ng6 Re2 38. Rc5 Rxe4 39. Rxb5 Kf5 40. Ne7+ Ke6 41. Nc8 Re2 42. Kf1 Ra2 43. Kg1 Ne3 44. g3 Rg2+ 45. Kh1 Rf2 0-1

[Event "Natal Potiguar op 4th"]
[Site "Natal"]
[Date "2014.07.27"]
[Round "4"]
[White "Da Silva, Joseph W Bruno Rada"]
[Black "Camara, Jose Arruda"]
[Result "0-1"]
[WhiteElo "1732"]
[BlackElo "1905"]
[PlyCount "106"]
[EventDate "2014.07.25"]
[EventType "swiss"]
[EventRounds "5"]
[EventCountry "BRA"]
[SourceTitle "EXT 2015"]
[Source "ChessBase"]
[SourceDate "2014.11.20"]
[SourceVersion "1"]
[SourceVersionDate "2014.11.20"]
[SourceQuality "1"]

1. e4 e6 2. d4 d5 3. Nc3 Nf6 4. e5 Nfd7 5. f4 c5 6. Nf3 Nc6 7. Be3 a6 8. Qd2 cxd4 9. Nxd4 Nxd4 10. Bxd4 Bb4 11. Bd3 Nc5 12. Bxc5 Bxc5 13. 0-0-0 b5 14. Qe2 0-0 15. Qh5 h6 16. Rhf1 f5 17. g4 Qe8 18. Qxe8 Rxe8 19. gxf5 Be3+ 20. Kb1 b4 21. Ne2 exf5 22. Rf3 Bc5 23. h4 Be6 24. Ng3 Rf8 25. Rd2 Ra7 26. Rg2 Kh8 27. Ne2 a5 28. Rg6 Re7 29. Ka1 a4 30. Rf1 Be3 31. Ng3 a3 32. b3 Bd2 33. Kb1 Be3 34. Rf3 Bd2 35. Bf1 d4 36. Ne2 Be3 37. Nc1 Bd5 38. Rxe3 dxe3 39. Nd3 Bf3 40. Bh3 e2 41. Bg2 Be4 42. Bxe4 fxe4 43. Ne1 Rxf4 44. Kc1 Rd7 45. Rd6 Rxd6 46. exd6 e3 47. c4 bxc3 48. Kc2 Rd4 49. Kxc3 Rxd6 50. b4 Rd1 51. Nf3 e1Q+ 52. Nxe1 Rxe1 53. b5 Rb1 0-1

[Event "Natal Potiguar op 4th"]
[Site "Natal"]
[Date "2014.07.26"]
[Round "3"]
[White "Da Silva, Joseph W Bruno Rada"]
[Black "Gomes, Jose Murilo"]
[Result "1/2-1/2"]
[WhiteElo "1732"]
[BlackElo "1856"]
[PlyCount "72"]
[EventDate "2014.07.25"]
[EventType "swiss"]
[EventRounds "5"]
[EventCountry "BRA"]
[SourceTitle "EXT 2015"]
[Source "ChessBase"]
[SourceDate "2014.11.20"]
[SourceVersion "1"]
[SourceVersionDate "2014.11.20"]
[SourceQuality "1"]

1. e4 Nc6 2. d4 d5 3. e5 f6 4. f4 Nh6 5. Nf3 Bf5 6. Bb5 Qd7 7. Be3 a6 8. Ba4 b5 9. Bb3 Be4 10. Nbd2 f5 11. Qe2 e6 12. h3 Be7 13. Bf2 0-0 14. c3 Na5 15. 0-0 Kh8 16. Ne1 Rg8 17. Nd3 Bxd3 18. Qxd3 Nf7 19. h4 Nxb3 20. axb3 a5 21. Qe2 a4 22. g4 Nh6 23. g5 Ng4 24. b4 h6 25. Nf3 hxg5 26. hxg5 g6 27. Nh2 Nxh2 28. Kxh2 Kg7 29. Kg2 Rh8 30. Rh1 c6 31. Qf3 Qa7 32. Rxh8 Rxh8 33. Rh1 Bf8 34. Rxh8 Kxh8 35. Qd3 a3 36. bxa3 Qxa3 1/2-1/2

[Event "Natal op"]
[Site "Natal"]
[Date "2013.09.08"]
[Round "6"]
[White "Pinheiro, Irene Ginani Costa"]
[Black "Da Silva, Joseph W Bruno Rada"]
[Result "0-1"]
[WhiteElo "1785"]
[BlackElo "1800"]
[PlyCount "80"]
[EventDate "2013.09.06"]
[EventType "swiss"]
[EventRounds "6"]
[EventCountry "BRA"]
[SourceTitle "EXT 2016"]
[Source "ChessBase"]
[SourceDate "2015.10.08"]
[SourceVersion "1"]
[SourceVersionDate "2015.10.08"]
[SourceQuality "1"]

1. e4 c5 2. Nf3 d6 3. d4 cxd4 4. Nxd4 Nf6 5. Nc3 g6 6. Bc4 Bg7 7. Be3 0-0 8. Qd2 Ng4 9. h3 Nxe3 10. Qxe3 Nc6 11. Nxc6 bxc6 12. 0-0 Bb7 13. Rad1 c5 14. b3 Bxc3 15. Qxc3 Bxe4 16. Bd5 Bxd5 17. Rxd5 a5 18. Re1 Qc7 19. Qe3 e6 20. Rdd1 a4 21. Qh6 d5 22. Rd2 axb3 23. axb3 Qa5 24. Rdd1 Qc3 25. Qd2 Qxd2 26. Rxd2 Ra2 27. Re3 Rfa8 28. Rc3 R8a5 29. Kh2 Kf8 30. Kg3 Ke7 31. Kf4 Kf6 32. g4 h6 33. h4 e5+ 34. Kg3 Ke6 35. f4 d4 36. Rc4 e4 37. Rg2 Kd5 38. c3 Rxg2+ 39. Kxg2 Ra2+ 40. Kf1 d3 0-1